000
00233nam a2200097Ia 4500
001
1052807
005
20250827001252.0
008
250824s9999 xx 000 0 und d
245
0
_a
ÇALINAN MEKTUP
_c
EDGAR ALLAN POE
260
_b
KETEBE
999
_c
1052807
_d
1052807